267 Capitales del mundo - Estadísticas

Estadísticas generales
  • Esta prueba ha sido intentada 18 veces
  • La puntuación promedio es 134 de 267
Estadísticas de respuestas
Hint Respuesta % Correcto
Brasil Brasilia
92%
Turquia Ankara
85%
Paraguay Asunción
85%
Colombia Bogotá
85%
Venezuela Caracas
85%
México Ciudad de México
85%
Cuba La Habana
85%
Bolivia (Gubernamental) La Paz
85%
Uruguay Montevideo
85%
Chile Santiago
85%
Estados Unidos Washington District of Columbia
85%
Países Bajos Ámsterdam
77%
Andorra Andorra La Vieja
77%
Serbia Belgrado
77%
Alemania Berlín
77%
Suiza Berna
77%
Bélgica Bruselas
77%
Rumanía Bucarest
77%
Hungría Budapest
77%
Australia Canberra
77%
Guatemala Ciudad de Guatemala
77%
Vaticano Ciudad del Vaticano
77%
Panamá Ciudad de Panamá
77%
Dinamarca Copenhague
77%
Catar Doha
77%
Irlanda Dublín
77%
Suecia Estocolmo
77%
Israel Jerusalén
77%
Isla Norfolk | Jamaica Kingston
77%
San Vicente y Las Granadinas Kingstown
77%
Malta La Valeta
77%
Perú Lima
77%
Portugal Lisboa
77%
Eslovenia Liubliana
77%
Inglaterra Londres
77%
Luxemburgo Luxemburgo
77%
España Madrid
77%
Bielorrusia Minsk
77%
Mónaco Mónaco
77%
Rusia Moscú
77%
Chipre Nicosia
77%
Noruega Oslo
77%
Canadá Ottawa
77%
Francia París
77%
China Pekín
77%
Ecuador Quito
77%
Islandia Reikiavik
77%
Italia Roma
77%
Costa Rica San José
77%
San Marino San Marino
77%
Bosnia y Herzegovina Sarajevo
77%
Corea del Sur Seúl
77%
Bulgaria Sofía
77%
Estonia Tallin
77%
Irán Teheran
77%
Japón Tokio
77%
Polonia Varsovia
77%
Austria Viena
77%
Croacia Zagreb
77%
Argelia Argel
69%
Grecia Atenas
69%
Azerbaiyán Bakú
69%
Eslovaquia Bratislava
69%
Moldavia Chisinau
69%
Escocia Edimburgo
69%
Guyana | Isla Asención Georgetown
69%
Islas Caimán George Town
69%
Gibraltar Gibraltar
69%
Vietnam Hanoi
69%
Finlandia Helsinki
69%
Pakistán Islamabad
69%
Ucrania Kiev
69%
Nicaragua Managua
69%
India Nueva Delhi
69%
Chequia (Rep. Checa) Praga
69%
Kosovo Pristina
69%
Letonia Riga
69%
El Salvador San Salvador
69%
República Dominicana Santo Domingo
69%
Singapur Singapur
69%
Macedonia del Norte Skopie
69%
Bolivia (Judicial) Sucre
69%
Taiwán Taipei
69%
Honduras Tegucigalpa
69%
Georgia Tiflis
69%
Albania Tirana
69%
Lituania Vilna
69%
Indonesia Yakarta
69%
Emiratos Árabes Unidos Abu Dabi
62%
Jordania Amán
62%
Kazajistán Astaná
62%
Irak Bagdad
62%
Libano Beirut
62%
Irlanda del Norte Belfast
62%
Belice Belmopán
62%
Gales Cardiff
62%
Túnez Ciudad de Túnez
62%
Egipto El Cairo
62%
Afganistán Kabul
62%
Nepal Katmandú
62%
Malasia Kuala Lumpur
62%
Filipinas Manila
62%
Kenia Nairobi
62%
Bahamas Nasáu
62%
Corea del Norte Pionyang
62%
Montenegro Podgorica
62%
Trinidad y Tobago Puerto España
62%
Haiti Puerto Principe
62%
Marruecos Rabat
62%
Yemén Saná
62%
Puerto Rico San Juan
62%
Mongolia Ulán Bator
62%
Liechtenstein Vaduz
62%
Nueva Zelanda Wellington
62%
Nigeria Abuya
54%
Etiopía Adís Abeba
54%
Madagascar Antananarivo
54%
Samoa Apia
54%
Turkmenistán Asjabad
54%
Tailandia Bangkok
54%
Guadalupe Basse-Terre
54%
San Cristóbal y Nieves Basseterre
54%
Kirguistán Biskek
54%
Barbados Bridgetown
54%
Santa Lucía Castries
54%
Argentina Ciudad Autónoma de Buenos Aires
54%
Yibuti Ciudad de Yibuti
54%
Bangladés Daca
54%
Siria Damasco
54%
Timor Oriental Dili
54%
Armenia Erevan
54%
Kuwait Kuwait
54%
Angola Luanda
54%
Maldivas Malé
54%
Mozambique Maputo
54%
Omán Mascate
54%
Camboya Nom Pen
54%
Surinam Paramaribo
54%
Vanuatu Port Vila
54%
Sudáfrica (Ejecutiva) Pretoria
54%
Dominica Roseau
54%
Fiyi Suva
54%
Bután Timbu
54%
Laos Vientian
54%
Guinea-Bisaú Bisaú
46%
República del Congo Brazzaville
46%
Guayana Francesa Cayena
46%
Sudáfrica (Legislativa) Ciudad del Cabo
46%
Macao Ciudad de Macao
46%
Senegal Dakar
46%
Tayikistán Dusambé
46%
Sierra Leona Freetown
46%
Islas Salomón Honiara
46%
Uganda Kampala
46%
República Democrática del Congo Kinsasa
46%
Islas Marshall Majuro
46%
Guinea Ecuatorial Malabo
46%
Bareín Manama
46%
Somalia Mogadiscio
46%
Micronesia Palikir
46%
Arabia Saudita Riad
46%
Antigua y Barbuda Saint John
46%
Sri Lanka Sri Jayawardenapura Kotte
46%
Uzbekistán Taskent
46%
Libia Tripoli
46%
Hong Kong | Seychelles Victoria
46%
Ghana Acra
38%
Eritrea Asmara
38%
Malí Bamako
38%
Brunei Bandar Seri Begawan
38%
República Centroafricana Bangui
38%
Gambia Banjul
38%
Sudáfrica (Judicial) Bloemfontein
38%
Guinea Conakri
38%
Benín (de facto) Cotonú
38%
Tanzania Dodoma
38%
Tuvalu Funafuti
38%
Botsuana Gaborone
38%
Burundi Gitega
38%
Zimbabue Harare
38%
Sudán Jartum
38%
Ruanda Kigali
38%
Gabón Libreville
38%
Malaui Lilongüe
38%
Togo Lomé
38%
Zambia Lusaka
38%
Lesoto Maseru
38%
Esuatini Mbabane
38%
Liberia Monrovia
38%
Comoras Moroni
38%
Birmania Naipyidó
38%
Palaos Ngerulmud
38%
Niger Niamey
38%
Mauritania Nuakchot
38%
Tonga Nukualofa
38%
Groenlandia Nuuk
38%
Mauricio Port Louis
38%
Benín (de iure) Porto-Novo
38%
Cabo Verde Praia
38%
Papua Nueva Guinea Puerto Moresby
38%
Granada Saint George
38%
Santo Tomé y Príncipe Santo Tomé
38%
Kiribati Tarawa Sur
38%
Burkina Faso Uagadugú
38%
Namibia Windhoek
38%
Chad Yamena
38%
Costa de Marfil Yamusukro
38%
Nauru Yaren
38%
Camerún Yaundé
38%
Sudán del Sur Yuba
38%
Anguila El Valle
31%
Creta Heraclión
31%
Tahití Papeete
31%
Madeira Funchal
23%
Bermudas Hamilton
23%
Chipre del Norte Nicosia del Norte
23%
Aruba | San Eustaquio Oranjestad
23%
Islas Malvinas Puerto Argentino
23%
Palestina (de Facto) Ramala
23%
San Pedro y Miquelón San Pedro
23%
Transnitria Tiraspól
23%
Guam Agaña
15%
Niue Alofi
15%
Islas Cook Avarua
15%
República Árabe Saharaui Democrática El Aaiún
15%
Palestina (de Iure) Jerusalen del Este
15%
Bonaire Kralendijk
15%
Nueva Caledonia Numea
15%
Islas Marianas del Norte Saipán
15%
País Vasco Vitoria-Gasteiz
15%
Isla Cocos | Islas Cocos West Island
15%
Zanzíbar Zanzíbar
15%
Islas Pitcairn Adamstown
8%
Tokelau Atafu
8%
Monserrat (De Facto) Brades
8%
Islas Vírgenes Estadounidenses Carlota Amalia
8%
Kurdistán Iraquí Erbil
8%
Isla de Navidad Flying Fish Cove
8%
Martinica Fuerte de Francia
8%
San Bartolomé Gustavia
8%
Somalilandia Hargeisa
8%
Mayotte Mamoudzou
8%
Wallis y Futuna Mata Utu
8%
Indonesia (Futura) Nusuntara
8%
Samoa Americana Pago Pago
8%
Monserrat (De Iure) Plymouth
8%
Azores Punta Delgada / Horta y Angra do Heroísmo
8%
Islas Vírgenes Británicas Road Town
8%
Reunión Saint-Denis
8%
Abjasia Sujumi
8%
Saba The Bottom
8%
Osetia del Sur Tsjinvali
8%
Osetia del Norte-Alania Vladikavkaz
8%
Curazao Willemstad
8%
Kurdistán Sirio Ayn Issa
0%
Islas Turcas y Caicos Cockburn Town
0%
Tristán de Acuña Edimburgo de los Siete Mares
0%
Santa Elena Jamestown
0%
Artsaj Jankendi
0%
Azad-Cachemira Muzzaffarabad
0%
Islas Andamán y Nicobar Port Blair
0%
Islas Galapagos Puerto Baquerizo Moreno
0%
No se encontraron pruebas coincidentes
Distribución de puntuación
Porcentaje de gente con cada puntuación
Porcentaje por número respondido
Historial de tus puntuaciones
No has intentado esta prueba.